Statistics for Top 15 Countries with Covid-19 Cases - 8 Mar 2021

Click here to take the quiz!

General Stats

  • This quiz has been taken 16 times
  • The average score is 16 of 27

Answer Stats

country% Correct
United Kingdom
100%
France
94%
Italy
94%
United States
94%
Brazil
88%
Russia
88%
Spain
88%
Germany
81%
Argentina
75%
India
75%
Mexico
75%
Netherlands
69%
Colombia
63%
Turkey
63%
Belgium
56%
Iran
56%
Poland
56%
Sweden
50%
Portugal
44%
Switzerland
44%
Panama
38%
Czechia
31%
Bahrain
25%
Israel
25%
Lithuania
25%
Georgia
19%
Slovenia
19%

Score Distribution

Percentile by Number Answered

Percent of People with Each Score

Your Score History

You have not taken this quiz